Antonii Genuensis... Disciplinarum metaphysicarum elementa (Registro nro. 154284)
[ vista simple ]
| 000 -LEADER | |
|---|---|
| campo de control de longitud fija | 01177nam a22002775i 4500 |
| 001 - NÚMERO DE CONTROL | |
| campo de control | 154284 |
| 003 - IDENTIFICADOR DE NÚMERO DE CONTROL | |
| campo de control | ES-MaACL |
| 005 - FECHA Y HORA DE LA ÚLTIMA TRANSACCIÓN | |
| campo de control | 20250804012826.0 |
| 008 - DATOS DE LONGITUD FIJA--INFORMACIÓN GENERAL | |
| campo de control de longitud fija | 950614s1779 it |||| | lat d |
| 040 ## - FUENTE DE CATALOGACIÓN | |
| Centro catalogador/agencia de origen | AN |
| Lengua de catalogación | spa |
| Centro/agencia transcriptor | CCPB | SIC |
| 100 1# - ENTRADA PRINCIPAL--NOMBRE DE PERSONA | |
| Nombre de persona | Genovesi, Antonio, |
| Fechas asociadas al nombre | 1713-1769 |
| 9 (RLIN) | 56347 |
| 245 10 - MENCIÓN DEL TÍTULO | |
| Título | Antonii Genuensis... Disciplinarum metaphysicarum elementa |
| Resto del título | : mathematicum in morem adornata : Tomus secundus. |
| 250 ## - MENCION DE EDICION | |
| Mención de edición | Editio novissima |
| Resto de la mención de edición | ab ipso auctore... omnino reformata, perpetuis additionibus locupletata et nunc primum in quinque Tomos divisa. |
| 260 ## - PUBLICACIÓN, DISTRIBUCIÓN, ETC. | |
| Lugar de publicación, distribución, etc. | Bassani ; |
| -- | sed prostant Venetiis : |
| Nombre del editor, distribuidor, etc. | apud Remondini, |
| Fecha de publicación, distribución, etc. | 1779. |
| 300 ## - DESCRIPCIÓN FÍSICA | |
| Extensión | 396 p. ; |
| Dimensiones | 8º. |
| 595 #1 - | |
| -- | Datos de ed. preceden a : "Tomus secundus" |
| 597 #1 - NOTA DE DESCRIPCIÓN FÍSICA | |
| NOTA DE DESCRIPCIÓN FÍSICA | Sign. : A-2A<8>, 2B<6> |
| 597 #1 - NOTA DE DESCRIPCIÓN FÍSICA | |
| NOTA DE DESCRIPCIÓN FÍSICA | Port. con viñeta xil. Notas a pie de p. |
| 650 #7 - PUNTO DE ACCESO ADICIONAL DE MATERIA--TÉRMINO DE MATERIA | |
| Término de materia o nombre geográfico como elemento de entrada | Metafísica |
| Fuente del encabezamiento o término | embne |
| 9 (RLIN) | 15012 |
| 700 11 - ENTRADA AGREGADA--NOMBRE PERSONAL | |
| Nombre de persona | Remondini, Giuseppe, |
| Fechas asociadas al nombre | fl.1773-1811 |
| Término indicativo de función/relación | |
| 9 (RLIN) | 241383 |
| 740 01 - ENTRADA AGREGADA--TÍTULO RELACIONADO/ANALÍTICO NO CONTROLADO | |
| Título relacionado o analítico no controlado | Disciplinarum metaphysicarum elementa. |
| Número de parte o sección de la obra | , Tomus secundus. |
| 752 ## - ENTRADA AGREGADA--NOMBRE JERÁRQUICO DEL LUGAR | |
| País o entidad superior | Italia - |
| Ciudad | Bassano |
| 752 ## - ENTRADA AGREGADA--NOMBRE JERÁRQUICO DEL LUGAR | |
| País o entidad superior | Italia - |
| Ciudad | Venecia |
| 852 ## - LOCALIZACIÓN | |
| Ubicación | ES-MaACL |
| Número de control de estantería | R-894-98 |
| Nota libre | -- Enc. perg. |
| Encuadernación | Olim: G-1263-67 |
| Estatus retirado | Estado de pérdida | Estado de daño | No para préstamo | Colección | Biblioteca de origen | Biblioteca actual | Ubicación en estantería | Fecha de adquisición | Total de préstamos | Signatura topográfica completa | Código de barras | Visto por última vez | Precio de reemplazo | Tipo de ítem Koha |
|---|---|---|---|---|---|---|---|---|---|---|---|---|---|---|
| Libros del s. XVIII | Biblioteca del Ateneo de Madrid | Biblioteca del Ateneo de Madrid | Depósito | 17/01/2008 | R-894-98 | 1161334 | 23/02/2023 | 23/02/2023 | Libro impreso antiguo |
